|
|
|
|
| LEADER |
00000cam a22000004a 4500 |
| 001 |
musev2_9847 |
| 003 |
MdBmJHUP |
| 005 |
20230905041124.0 |
| 006 |
m o d |
| 007 |
cr||||||||nn|n |
| 008 |
061003s2007 utu o 00 0 eng d |
| 010 |
|
|
|z 2006032515
|
| 020 |
|
|
|a 9780874215472
|
| 020 |
|
|
|z 9780874216448
|
| 035 |
|
|
|a (OCoLC)298788369
|
| 040 |
|
|
|a MdBmJHUP
|c MdBmJHUP
|
| 043 |
|
|
|a n-us-ut
|
| 050 |
0 |
4 |
|a BX8695.M67
|b A3 2007
|
| 082 |
0 |
|
|a 289.3092
|a B
|2 22
|
| 100 |
1 |
|
|a Morris, Mary Lois Walker,
|d 1835-1919.
|
| 245 |
1 |
0 |
|a Before the Manifesto :
|b The Life Writings of Mary Lois Walker Morris /
|c edited by Melissa Lambert Milewski.
|
| 264 |
|
1 |
|a Logan, Utah :
|b Utah State University Press,
|c 2007.
|
| 264 |
|
3 |
|a Baltimore, Md. :
|b Project MUSE,
|c 2012
|
| 264 |
|
4 |
|c ©2007.
|
| 300 |
|
|
|a 1 online resource (653 pages):
|b ill., maps ;
|
| 336 |
|
|
|a text
|b txt
|2 rdacontent
|
| 337 |
|
|
|a computer
|b c
|2 rdamedia
|
| 338 |
|
|
|a online resource
|b cr
|2 rdacarrier
|
| 504 |
|
|
|a Includes bibliographical references (p. 576-584) and index.
|
| 506 |
0 |
|
|a Open Access
|f Unrestricted online access
|2 star
|
| 588 |
|
|
|a Description based on print version record.
|
| 600 |
1 |
0 |
|a Morris, Mary Lois Walker,
|d 1835-1919.
|
| 650 |
|
0 |
|a Mormon women
|z Utah
|z Salt Lake City
|v Biography.
|
| 651 |
|
0 |
|a Salt Lake City (Utah)
|x History.
|
| 651 |
|
0 |
|a Salt Lake City (Utah)
|x Church history.
|
| 655 |
|
7 |
|a Electronic books.
|2 local
|
| 700 |
1 |
|
|a Milewski, Melissa Lambert.
|
| 710 |
2 |
|
|a Project Muse.
|e distributor
|
| 830 |
|
0 |
|a Book collections on Project MUSE.
|
| 856 |
4 |
0 |
|z Texto completo
|u https://projectmuse.uam.elogim.com/book/9847/
|
| 945 |
|
|
|a Project MUSE - Archive Complete Foundation
|
| 945 |
|
|
|a Project MUSE - Archive US Regional Studies, West Foundation
|